| 000 | 00950cam a22002771 4500 | ||
|---|---|---|---|
| 001 | 11385 | ||
| 003 | BD-RjUL | ||
| 005 | 20211208235121.0 | ||
| 008 | 140126s1934 nyua 000 0 eng | ||
| 035 | _a(BD-RjUL) 11434 | ||
| 035 | _a(OCoLC)1506926 | ||
| 040 |
_aDLC _cFMU _dOCoLC _dDLC _dBD-RjUL _beng |
||
| 041 | _aeng | ||
| 082 |
_a549 _bENG 1934 |
||
| 100 | 1 |
_aEnglish, George Letchworth, _d1864-1944. _935200 |
|
| 245 | 1 | 0 |
_aGetting acquainted with minerals / _cby George Letchworth English ... with 258 illustrations. |
| 260 |
_aRochester, N.Y. : _bMineralogical Publishing Company, _c1934. |
||
| 300 |
_axi, 324 p. : _c24 cm. _bfront., illus., diagrs. ; |
||
| 500 | _aIncludes index. | ||
| 500 | _a"Special emphasis is laid on the occurrence of minerals in the United States."--Pref. | ||
| 650 | 0 |
_aMineralogy. _935201 |
|
| 650 | 0 |
_aMineralogy _zUnited States. _935202 |
|
| 942 |
_2ddc _cBK |
||
| 999 |
_c11385 _d11385 |
||